Flags for Initial Letters - S - Statistics

General Stats
  • This quiz has been taken 18 times
  • The average score is 22 of 26
Answer Stats
Picture Answer % Correct
South Korea
100%
Spain
100%
Sweden
100%
Switzerland
100%
Saudi-Arabia
94%
Senegal
94%
Slovakia
94%
Slovenia
94%
South Africa
94%
San Marino
88%
Serbia
88%
Singapore
88%
Somalia
88%
Sri Lanka
88%
Syria
88%
Sudan
81%
Suriname
81%
Saint Kitts and Nevis
75%
Saint Lucia
75%
Saint Vincent and the Grenadines
75%
Seychelles
75%
South Sudan
75%
Samoa
69%
Sao Tome and Principe
69%
Sierra Leone
63%
Solomon Islands
50%
No matching quizzes found
Score Distribution
Percent of People with Each Score
Percentile by Number Answered
Your Score History
You have not taken this quiz